00289nam a2200121Ia 45000030006000000080041000060400015000471000022000622450020000842600034001045460012001380050017001500STCL150530s9999 xx 000 0 und d aSTCLcSTCL aChristine Howarth aWay people work bOxford University pressc1984 aEnglish20220125165516.0